[Event "17th Caspian Cup-Masters 2019"]
[Site "Anzali"]
[Date "2019.02.14"]
[Round "3.7"]
[White "Malakhatko, Vadim"]
[Black "Veisi, Bardia"]
[Result "1-0"]
[WhiteElo "2525"]
[BlackElo "2243"]
[Annotator "TA"]
[PlyCount "67"]
[EventDate "2019.02.12"]
[EventType "swiss"]
[EventRounds "9"]
[EventCountry "IRI"]
[SourceTitle "playchess.com"]
[Source "ChessBase"]
[SourceQuality "1"]

{[%evp 17,67,0,0,-17,0,-28,-13,-96,-96,-101,-62,-143,-93,-93,-43,-47,-60,-213,0,0,0,0,41,0,456,452,434,439,1072,1073,866,1004,977,943,1023,983,2289,2278,1901,1231,1326,1300,1664,1597,1579,1530,1424,1301,29980,1541,1416,1331]} 1. d4 f5 2. Nc3 Nf6 3. Bg5 d5 4. Bxf6 exf6 5. e3 Be6 6. Qf3 Qd7 {A80: Dutch Defence: Unusual White second moves} 7. Bb5 (7. a3 Nc6 8. Bb5 a6 9. Ba4 b5 10. Bb3 Rd8 11. Nge2 Na5 12. Nf4 c6 13. a4 b4 14. Nce2 {1-0 (59) Bruzon Batista,L (2679)-Anton Guijarro,D (2616) Dubai 2016}) 7... Nc6 8. Nge2 a6 9. Ba4 g5 {LiveBook: 6 Games} 10. a3 O-O-O 11. b4 h5 12. Nc1 $146 {[#]} (12. h4 $11) ({Predecessor:} 12. h4 b5 13. Bb3 Ne7 14. g3 {0-1 (36) Karger,F (2282)-Markgraf,A (2488) Germany 2016}) 12... f4 $1 $17 {[%mdl 512] Threatens to win with ...Bg4.} 13. Qd1 (13. exf4 b5) 13... h4 14. Qd2 (14. Nb3 $15) 14... Re8 15. Nd3 Bg4 16. O-O f3 17. b5 $2 {[#]} (17. Rfb1 $1 $15) 17... fxg2 $2 (17... axb5 $1 $19 18. Nxb5 Kb8) 18. Rfb1 $14 axb5 19. Nxb5 {Na7+! is the strong threat.} Kb8 {Hoping for ...h3.} 20. Rb2 Bf3 $2 {[%mdl 8192] [#]} (20... Qc8 $1 $11) 21. Rab1 $1 $18 {And now Na7! would win.} Qc8 {[#]} 22. Na7 $1 {[%mdl 512]} Kxa7 (22... Nxa7 $142 23. Bd7 (23. Rxb7+ Qxb7 24. Rxb7+ Kxb7 $16) 23... b6 24. Bxc8 Kxc8) 23. Bxc6 $1 b6 24. Rb5 Qa6 25. Bxe8 Bd6 26. Bc6 Bxh2+ 27. Kxh2 g4 28. Nf4 g3+ 29. fxg3 hxg3+ 30. Kxg3 Be4 31. Rg1 Rh1 32. Kf2 Qxa3 33. Rbb1 (33. Qb4 $142 Qxb4 34. Rxb4 Bxc2 35. Rb2 Ba4 36. Bxa4 Kb7 37. Nxd5 Rh5 38. e4) 33... Kb8 34. Bxd5 {Precision: White = 43%, Black = 60%.} 1-0

[Event "17th Caspian Cup-Masters 2019"]
[Site "Anzali"]
[Date "2019.02.14"]
[Round "3.8"]
[White "Dilanyan, Grigor"]
[Black "Mousavi, Seyed Khalil"]
[Result "0-1"]
[WhiteElo "2241"]
[BlackElo "2485"]
[Annotator "TA"]
[PlyCount "92"]
[EventDate "2019.02.12"]
[EventType "swiss"]
[EventRounds "9"]
[EventCountry "IRI"]
[SourceTitle "playchess.com"]
[Source "ChessBase"]
[SourceQuality "1"]

{[%evp 15,92,9,9,11,12,0,28,34,23,24,24,-12,209,204,197,203,218,220,172,91,91,80,87,79,69,87,91,0,7,31,16,-29,-35,-22,-34,-26,-23,-66,0,0,0,0,0,0,0,0,0,0,0,0,0,-109,-110,-132,-144,-181,-26,-849,-840,-814,-753,-685,-609,-609,-593,-589,-404,-2178,-602,-588,-384,-29987,-29988,-29991,-29992,-29992,-29983,-29982,-12549]} 1. Nf3 Nf6 2. g3 g6 3. b3 Bg7 4. Bb2 b6 5. Bg2 Bb7 6. c4 O-O 7. d4 e6 8. O-O d5 9. Ne5 {D77: Fianchetto Grünfeld: 6 0-0: Replies other than 6...c6} (9. Nbd2 Nbd7 10. Rc1 Re8 11. b4 a5 12. b5 a4 13. Ba3 Ne4 14. e3 f5 15. Qc2 dxc4 16. Nxc4 Bd5 {1-0 (59) Meier,G (2650)-Bortnyk,O (2610) Riadh 2017}) 9... Nbd7 10. Nc3 c6 11. f4 {White has an edge.} Nxe5 12. dxe5 $146 ({Predecessor:} 12. fxe5 Ng4 13. Qd3 f6 14. Bh3 f5 15. cxd5 exd5 {½-½ (47) Zimmermann,M (1820)-Pape,R (1631) Itzehoe 2007}) 12... Ng4 13. cxd5 Ne3 $2 (13... exd5 $11 14. Qd3 f6) 14. dxc6 $18 Nxd1 15. Rfxd1 ({Weaker is} 15. Raxd1 Qe7 $11) 15... Qe7 16. cxb7 Rab8 17. Nb5 (17. a4 $1 $18) 17... Qc5+ $16 18. Nd4 {[%mdl 1024] White has strong compensation.} b5 19. a4 b4 20. a5 a6 21. Rdc1 (21. Kf1 $16) 21... Qe7 $11 22. Nc6 Qxb7 23. Nxb8 Qa7+ 24. Kf1 $1 Rxb8 25. Rd1 Bf8 26. Bf3 Rc8 ({Black should play} 26... Be7 $15) 27. Bd4 Bc5 28. Bxc5 Rxc5 29. Rd8+ Kg7 30. Ra8 Qd7 31. Rxa6 Qd4 32. Rb1 Qd2 33. Ra7 {[#]} (33. Ra1 $11) 33... Rc3 $1 $36 {[%cal Rc3f3][%mdl 2048] White must now prevent ...Rxf3+! Keeping White busy.} 34. Re1 Rxb3 {...Rc3 is the strong threat.} 35. a6 {[#]} Ra3 $2 (35... Qd4 $1 $19 36. Rb7 Qc4) 36. Ra8 $2 {[%mdl 8192]} (36. Rb7 $11) 36... b3 $19 {[%cal Bb4b3,Bb3b2][%mdl 32] Strongly threatening ...b2.} 37. Be4 b2 38. a7 Ra1 39. Rb1 Qc1+ 40. Kf2 Qc5+ ({Not} 40... Rxb1 41. Bxb1 Qc6 42. Rb8 $11) 41. e3 (41. Kf3 $142 Rxa7 42. Rxa7 Qxa7 43. e3) 41... Ra3 (41... Qc4 $142 42. Kf3 Rxb1 43. Bxb1 Qf1+ 44. Kg4 Qxb1) 42. Re1 {and the idea Rb8 leaves White hopeful.} Qc1 {Hoping for ...Ra1.} 43. h4 $2 (43. Rd8 $19 Rxa7 44. Rdd1) 43... Ra1 {Black mates.} 44. Bb1 Rxb1 45. Rg8+ Kxg8 46. a8=Q+ Kg7 {Accuracy: White = 53%, Black = 57%.} 0-1

[Event "17th Caspian Cup-Masters 2019"]
[Site "Anzali"]
[Date "2019.02.14"]
[Round "3.9"]
[White "Nadimifar, Adnan"]
[Black "Mirzoev, Azer"]
[Result "1/2-1/2"]
[WhiteElo "2241"]
[BlackElo "2483"]
[Annotator "TA"]
[PlyCount "124"]
[EventDate "2019.02.12"]
[EventType "swiss"]
[EventRounds "9"]
[EventCountry "IRI"]
[SourceTitle "playchess.com"]
[Source "ChessBase"]
[SourceQuality "1"]

{[%evp 19,124,3,20,20,51,46,65,66,63,-25,-39,-39,-38,-32,0,-29,-25,-21,-15,-19,-19,-19,-19,-20,-28,-60,-23,-14,0,0,0,0,0,-7,-7,-7,0,0,0,0,0,0,0,0,0,0,0,0,0,0,0,0,0,0,0,0,0,0,0,0,0,0,0,0,0,0,0,0,0,0,0,0,0,0,0,0,0,0,0,0,0,0,0,0,0,0,0,0,0,0,0,0,0,0,0,0,0,0,0,0,0,0,0,0,0,0,0]} 1. d4 d5 2. Nf3 Nf6 3. c4 c6 4. g3 Bf5 5. Bg2 e6 6. Qb3 {D11: Slav Defence: 3 Nf3 sidelines and 3...Nf6 4 e3 Bg4} (6. O-O Nbd7 7. Nc3 dxc4 8. a4 a5 9. Nh4 Bg4 10. h3 Bh5 11. f4 Nd5 12. Nf3 Bg6 13. Nh4 Bh5 14. Nf3 Bb4 15. Qc2 {0-1 (32) Shimanov,A (2639)-Adhiban,B (2689) Atlantic City 2016}) 6... Qb6 7. c5 Qxb3 8. axb3 Nbd7 9. b4 a6 10. Nc3 Rc8 {LiveBook: 12 Games} 11. Nh4 Bc2 12. Kd2 $1 {[%cal Rd2c2]} Bg6 13. Nxg6 hxg6 14. e4 $146 (14. Kc2 $14) ({Predecessor:} 14. f4 Be7 {½-½ (26) Villamayor,B (2450)-Mas,H (2315) Penang 2017}) 14... dxe4 $11 15. Nxe4 Nd5 16. Ra4 Be7 17. Ke2 O-O 18. Nc3 N7f6 19. Nxd5 Nxd5 20. Bxd5 exd5 21. Kd3 g5 22. f4 gxf4 23. Bxf4 Bf6 {The position is equal.} 24. Raa1 Rfe8 25. Rae1 g5 26. Bd6 Kg7 27. g4 Kg6 28. Rhf1 Bg7 29. Bg3 Re6 (29... Bh8 {is interesting.} 30. Bd6 Bf6 31. Bg3 Rcd8 32. Bc7 Ra8) 30. Rxe6+ fxe6 {[%mdl 4096] Endgame KRB-KRB} 31. Re1 Re8 32. Re2 Bf6 33. Re3 Kf7 34. Rf3 Kg7 35. Re3 Kg8 36. Be5 Kg7 37. Bg3 Kg6 38. Re2 Kf7 39. Rf2 Kg6 40. Be5 Bg7 41. Rf3 Ra8 42. Kc3 Rf8 43. Rxf8 Bxf8 {KB-KB} 44. Kd3 Be7 45. Ke3 Bf6 46. h3 Kf7 47. Kf3 Bd8 48. Kg3 Ke8 49. Kf3 Kd7 50. Ke2 a5 51. bxa5 Bxa5 52. h4 gxh4 {[#] Hoping for ...Bc7.} 53. g5 Ke7 54. g6 Kf8 55. Kf3 Be1 56. Kg4 Kg8 57. Bf6 Bf2 58. b3 Kf8 59. Kh3 Kg8 60. Kg2 Be1 61. Kh2 Bf2 62. Kh3 Kf8 {Precision: White = 80%, Black = 71%.} 1/2-1/2

[Event "17th Caspian Cup-Masters 2019"]
[Site "Anzali"]
[Date "2019.02.15"]
[Round "4.1"]
[White "Grigoryan, Karen H."]
[Black "Aminikiasari, Amer"]
[Result "1-0"]
[WhiteElo "2590"]
[BlackElo "2318"]
[Annotator "TA"]
[PlyCount "47"]
[EventDate "2019.02.12"]
[EventType "swiss"]
[EventRounds "9"]
[EventCountry "IRI"]
[SourceTitle "playchess.com"]
[Source "ChessBase"]
[SourceQuality "1"]

{[%evp 12,47,17,29,40,33,25,23,50,49,87,85,82,95,94,92,83,82,100,92,145,145,137,137,162,151,141,138,164,150,152,151,204,161,227,229,297,297]} 1. d4 c6 2. c4 d5 3. Nf3 Nf6 4. Qc2 g6 5. Bf4 Bf5 6. Qb3 Qb6 7. e3 dxc4 {D11: Slav Defence: 3 Nf3 sidelines and 3...Nf6 4 e3 Bg4} (7... Nbd7 8. Nc3 dxc4 9. Bxc4 Qxb3 10. Bxb3 e6 11. h3 Bg7 12. Ke2 Ne4 13. Rhd1 h5 14. Rac1 O-O 15. Nh4 Nxc3+ 16. bxc3 {1-0 (24) Vachier Lagrave,M (2789)-Libiszewski,F (2507) chess.com INT 2018}) 8. Bxc4 Qxb3 9. Bxb3 Bxb1 $146 {White has an edge.} ({Predecessor:} 9... Bg7 10. O-O O-O 11. Nc3 Ne4 12. Rac1 Nd7 13. h3 Nxc3 14. bxc3 a5 15. a4 {½-½ (52) Hoang,T (2408)-Frayna,J (2305) Ashkhabad 2017}) 10. Rxb1 Nh5 11. Be5 Bg7 12. g4 {[#] Bxb8 is the strong threat.} Nf6 13. g5 Nh5 14. d5 O-O 15. Ke2 $36 {[%mdl 2048] Black is under strong pressure.} c5 ({Better is} 15... a5) 16. d6 $16 Nc6 17. dxe7 Nxe7 18. Bd6 Rfe8 19. Bxc5 Nc6 20. Bd6 Rad8 21. Rhd1 Rd7 (21... a6 $16 {keeps fighting.} 22. Bc7 Rxd1 23. Kxd1 (23. Rxd1 Bxb2 24. Rd7 Re7 $16) (23. Bxd1 Re7 $16) 23... Bf8) 22. Ba3 Rxd1 (22... Rc7 {was necessary.} 23. Kf1 Bf8 24. Bxf8 Kxf8) 23. Rxd1 $18 ({Don't take} 23. Bxd1 $6 Bf8) ({Resist} 23. Kxd1 $6 Na5) 23... Bf8 24. Rd7 {Accuracy: White = 82%, Black = 39%.} 1-0

[Event "17th Caspian Cup-Masters 2019"]
[Site "Anzali"]
[Date "2019.02.15"]
[Round "4.2"]
[White "Lomsadze, Davit"]
[Black "Bernadskiy, Vitaliy"]
[Result "0-1"]
[WhiteElo "2286"]
[BlackElo "2570"]
[Annotator "TA"]
[PlyCount "98"]
[EventDate "2019.02.12"]
[EventType "swiss"]
[EventRounds "9"]
[EventCountry "IRI"]
[SourceTitle "playchess.com"]
[Source "ChessBase"]
[SourceQuality "1"]

{[%evp 13,98,35,28,14,27,1,19,0,31,-30,-26,-39,-31,-31,-23,-36,-32,-74,-69,-68,-22,-49,-14,-7,0,0,0,-47,-42,-51,-57,-41,-52,-93,-75,-78,-62,-58,-52,-104,-65,-65,-74,-74,-77,-77,-74,-83,-80,-102,-93,-126,-116,-118,-56,-76,-56,-58,-63,-65,-61,-143,-141,-209,-200,-391,-391,-391,-391,-7968,-5829,-5704,-5575,-4694,-3330,-1852,-973,-5575,-5120,-5151,-5187,-29956,-10521,-1753,-1248,-29996,-106]} 1. d4 g6 2. e4 Bg7 3. c4 d6 4. Nc3 Nf6 5. f3 O-O 6. Be3 c6 7. Nge2 a6 {[%cal Ba7a6,Ba6a5,Ba5a4][%mdl 32]} 8. Nc1 {E81: King's Indian: Sämisch: 6th move deviations (including 6 Be3 c6)} (8. c5 b5 9. cxd6 exd6 10. Nf4 Re8 11. Be2 b4 12. Na4 Nd5 13. Bc1 Nb6 14. Nxb6 Qxb6 15. Be3 d5 16. Qd3 dxe4 17. fxe4 {1-0 (61) Carlsen,M (2881)-Grischuk,A (2792) Dubai 2014}) 8... b5 9. Nb3 Nbd7 10. Qd2 {The position is equal.} Bb7 $146 ({Predecessor:} 10... e5 11. d5 cxd5 12. Nxd5 bxc4 13. Bxc4 Bb7 14. Nxf6+ Nxf6 15. Na5 Bxe4 16. fxe4 Nxe4 17. Qd5 Qh4+ 18. g3 Qg4 {½-½ (32) Brait,W (1925)-Paul,M (2092) Basel 2016}) 11. Be2 (11. Rd1 $14) 11... bxc4 $11 12. Bxc4 a5 13. Na4 Nb6 14. Nxb6 Qxb6 15. O-O a4 16. Nc1 Nd7 (16... d5 {seems wilder.} 17. exd5 Nxd5 18. Bf2 Rfb8 19. Ne2 Ba6) 17. Rb1 Ba6 18. Bxa6 Qxa6 19. Nd3 Nb6 20. Rfc1 Nc4 21. Qe2 {Threatens to win with Nb4.} Nxe3 22. Qxe3 Qb6 23. e5 Ra5 24. f4 Rd5 25. Rc4 dxe5 26. Nxe5 ({White should try} 26. fxe5 $15 f6 27. Rb4) 26... Bxe5 27. fxe5 Rfd8 28. Rf1 Qxb2 ({Much weaker is} 28... Rxd4 29. Qf2 $11) 29. Qf4 Rf8 $1 30. Rxa4 f5 31. Qh4 Qb7 32. Rc4 Rfd8 33. Kh1 Qa7 (33... R8d7 $17 34. h3 Qa6) 34. Rxc6 $15 Rxd4 35. Qh6 $1 Rg4 $1 36. h3 Rg3 $1 37. Qf4 ({White should play} 37. Qh4 $15 Rgd3 38. Kh2) 37... Qe3 $40 {[%mdl 128] Black goes for the king.} 38. Qc4+ {[#]} (38. Qxe3 $17 Rxe3 39. Ra1) 38... Kg7 $1 $19 39. Re6 $2 {[#]} (39. Qh4 Qxe5 40. Rcc1) 39... Rd4 $1 {[%cal Rd4c4]} 40. Rxe7+ Kh6 41. Rxh7+ $2 (41. Qb3 Rd3 42. Qc2) 41... Kxh7 42. Qf7+ Kh6 43. Qf8+ Kh5 44. Qh8+ Qh6 45. Qe8 Rf4 46. Rg1 Rf2 47. e6 Qg7 48. Qf7 Qh8 {( -> ...Rxh3+!)} 49. Kh2 {[#]} Rxh3+ $1 {[%mdl 576] Pin. Accuracy: White = 30%, Black = 80%.} 0-1

[Event "17th Caspian Cup-Masters 2019"]
[Site "Anzali"]
[Date "2019.02.15"]
[Round "4.3"]
[White "Mosadeghpour, Masoud"]
[Black "Khoshkalam, Seyed Mehrab"]
[Result "1-0"]
[WhiteElo "2531"]
[BlackElo "2263"]
[Annotator "TA"]
[PlyCount "72"]
[EventDate "2019.02.12"]
[EventType "swiss"]
[EventRounds "9"]
[EventCountry "IRI"]
[SourceTitle "playchess.com"]
[Source "ChessBase"]
[SourceQuality "1"]

{[%evp 26,72,19,17,43,38,31,44,36,0,45,49,86,67,70,60,56,41,139,161,162,160,159,149,160,164,192,187,221,221,220,225,202,199,389,347,328,319,287,263,468,431,504,345,415,408,685,670,5604]} 1. e4 {[%cal Be2e4,Be4e5][%mdl 32]} e6 2. d4 d5 3. Nc3 Nf6 4. e5 Nfd7 5. f4 c5 6. Nf3 Nc6 7. Be3 a6 8. Qd2 b5 9. dxc5 Bxc5 10. Bd3 {C11: French: Classical System: 4 e5 and 4 Bg5 dxe4} (10. Ne2 O-O 11. Ned4 Qb6 12. c3 b4 13. Bd3 a5 14. O-O Ba6 15. Kh1 Bxd3 16. Qxd3 Qa6 17. Qc2 bxc3 18. bxc3 {½-½ (31) Dominguez Perez,L (2739)-So,W (2788) Saint Louis 2017}) 10... Qb6 11. Bf2 Bxf2+ 12. Qxf2 Qxf2+ 13. Kxf2 Nc5 14. Ne2 {LiveBook: 4 Games} f5 $146 ({Predecessor:} 14... Bd7 15. Ned4 Nxd4 16. Nxd4 Ke7 17. a3 h6 {1-0 (47) Krause,B (2453)-Zysk,R (2400) Germany 2018}) 15. Ned4 Nxd4 16. Nxd4 Kf7 17. b4 Na4 18. g4 g6 19. gxf5 gxf5 20. Rhg1 $36 {[%mdl 2048] White fights for an advantage.} Bd7 21. Nb3 Nc3 (21... Rag8 $14) 22. Nc5 $16 Bc6 23. Rg3 $1 {Strongly threatening Rag1.} Rhg8 {[#]} 24. Bxf5 $1 {[%mdl 512]} exf5 25. Rxc3 d4 26. Rg3 a5 27. Rxg8 Rxg8 $18 {[%mdl 4096] Endgame KRB-KRN} 28. Rg1 $1 Ra8 29. Rg5 $1 {[%cal Rg5f5]} Be4 $2 (29... axb4 30. Rxf5+ Ke7) 30. e6+ Kf6 31. Nxe4+ fxe4 {[#] KR-KR} 32. Re5 $1 {e7 is the strong threat.} (32. Rxb5 axb4 33. Re5 (33. Rxb4 Kxe6 34. Rxd4 Kf5 $11) 33... Ke7 $16) 32... e3+ $2 (32... axb4 33. Rxe4 (33. e7 Kf7 $14) 33... Kf5) 33. Ke2 Ke7 34. Kd3 axb4 35. Kxd4 Rxa2 {[#]} (35... Ra4 $142 36. Kxe3 Rxa2) 36. f5 $1 Rxc2 {Precision: White = 85%, Black = 37%.} 1-0

[Event "17th Caspian Cup-Masters 2019"]
[Site "Anzali"]
[Date "2019.02.15"]
[Round "4.4"]
[White "Nazari, Arad"]
[Black "Malakhatko, Vadim"]
[Result "1/2-1/2"]
[WhiteElo "2210"]
[BlackElo "2525"]
[Annotator "TA"]
[PlyCount "88"]
[EventDate "2019.02.12"]
[EventType "swiss"]
[EventRounds "9"]
[EventCountry "IRI"]
[SourceTitle "playchess.com"]
[Source "ChessBase"]
[SourceQuality "1"]

{[%evp 15,88,17,20,2,3,3,13,-18,12,0,0,0,0,-11,0,-18,-11,-23,0,-14,0,0,0,-18,-10,-13,-12,-12,-7,-8,-5,-7,-8,-25,0,0,0,0,27,-16,0,0,0,0,0,0,0,0,0,0,68,68,57,56,85,32,33,32,29,27,75,78,95,66,125,19,15,8,33,8,8,0,8,8,8]} 1. e4 e6 2. d4 d5 3. Nd2 c5 4. exd5 Qxd5 5. Ngf3 cxd4 6. Bc4 Qd8 7. Nb3 Nc6 8. Nbxd4 Nxd4 9. Qxd4 {C07: French Tarrasch: 3...c5, 4 Ngf3 and 4 exd5 Qxd5} Qxd4 10. Nxd4 Bd7 11. Bb5 $146 ({Predecessor:} 11. Be2 Nf6 12. O-O Rc8 13. c4 Bc5 14. Rd1 e5 15. Nc2 Bf5 16. Ne3 Be6 17. Bf3 b6 18. b3 Bd4 19. Rb1 O-O 20. Ba3 Rfd8 21. h3 Rd7 22. g4 Rcd8 23. Bc6 Rc7 24. Bf3 Rcd7 25. Bc6 Rc7 26. Bf3 Rcd7 27. Bc6 Rc7 {½-½ (27) Lu,S (2620)-Sethuraman,S (2619) China 2017}) 11... O-O-O 12. Be3 Nf6 13. Bxd7+ Rxd7 14. Nb3 Nd5 15. Ke2 b6 16. Bd2 Bd6 17. Rhd1 Be5 ({Reject} 17... Bxh2 $6 18. g3 $16) 18. c3 Rhd8 ({Don't play} 18... Bxh2 $6 19. g3 $16) 19. Be3 f5 ({Much weaker is} 19... Bxh2 $6 20. g3 $16) 20. h3 Bf6 21. a4 e5 22. a5 Kb7 23. axb6 axb6 24. c4 Nxe3 (24... Nf4+ {is interesting.} 25. Bxf4 exf4 26. Rxd7+ Rxd7 27. c5 Rd5) 25. Rxd7+ Rxd7 26. fxe3 $11 {[%mdl 4096] Endgame KRB-KRN} Rc7 27. Rc1 Be7 28. Nd2 h5 29. e4 f4 30. Nf3 Bf6 31. h4 Kc8 32. Kd3 Be7 (32... Ra7 $11) 33. Nxe5 $14 Bxh4 34. Rh1 Bf6 {[#]} 35. Rxh5 (35. Ng6 $1 $16) 35... Rc5 36. Rh8+ Kc7 37. Ng6 {Hoping for e5.} Rg5 38. Nxf4 {Ne6+ is the strong threat.} Rg3+ 39. Kc2 Be5 (39... Kd6 $14) 40. Rf8 (40. Nd5+ $16 Kc6 41. Rc8+ Kb7 42. Re8 Rxg2+ 43. Kd3 Rg3+ 44. Ke2 Rg2+ 45. Kf3 Rg3+ 46. Kf2) 40... Kd6 $11 41. Nd3 Rxg2+ 42. Rf2 Rg4 {The position is equal.} 43. Rf7 Rxe4 44. Nxe5 Rxe5 {Accuracy: White = 42%, Black = 48%.} 1/2-1/2

[Event "17th Caspian Cup-Masters 2019"]
[Site "Anzali"]
[Date "2019.02.15"]
[Round "4.5"]
[White "Mousavi, Seyed Khalil"]
[Black "Atakhan, Abtin"]
[Result "1-0"]
[WhiteElo "2485"]
[BlackElo "2179"]
[Annotator "TA"]
[PlyCount "109"]
[EventDate "2019.02.12"]
[EventType "swiss"]
[EventRounds "9"]
[EventCountry "IRI"]
[SourceTitle "playchess.com"]
[Source "ChessBase"]
[SourceQuality "1"]

{[%evp 14,109,28,38,43,1,28,11,52,37,51,20,38,-41,-17,-83,-19,-55,-26,-66,-39,-113,-99,-113,-106,-107,10,16,8,5,118,102,319,314,297,294,402,107,91,0,29,24,52,-70,-39,-71,-81,-80,-76,-115,-110,-110,-79,-113,-100,-118,0,-140,-141,-192,-165,-176,0,0,283,274,246,258,414,401,365,259,243,211,345,341,328,273,251,310,309,275,284,247,313,241,527,520,800,1922,1626,1557,1404,1257,29968,29969,29964,12325]} 1. c4 Nf6 2. Nc3 g6 3. e4 d6 4. d4 Bg7 5. h3 O-O 6. Be3 c5 7. Nf3 cxd4 8. Nxd4 Nc6 {E90: King's Indian: Classical: Early deviations and 6 h3} 9. Qd2 (9. Be2 Bd7 10. O-O Nxd4 11. Bxd4 Bc6 12. Qc2 a5 13. Rad1 Nd7 14. Bxg7 Kxg7 15. Bg4 Ne5 16. c5 Nxg4 17. hxg4 Qc8 18. cxd6 Qxg4 19. dxe7 Rfe8 {1-0 (43) Cheparinov,I (2711)-Amin,B (2709) Zagreb 2018}) 9... Nxd4 10. Bxd4 Bd7 $146 {The position is equal.} ({Predecessor:} 10... Be6 11. Be2 Rc8 12. b3 Qa5 13. O-O a6 14. Rfd1 Nd7 15. Bxg7 Kxg7 16. Rac1 {½-½ (31) Diego,H (2070)-Espinoza,J (2092) Managua 2017}) 11. O-O-O a6 12. g4 b5 13. Bg2 (13. f3 $14) 13... Be6 14. Qe3 (14. Nd5 $11 {remains equal.}) 14... Qc8 (14... bxc4 15. e5 $16) (14... Bxc4 $6 15. b3 $11) (14... Rc8 $17) 15. g5 Ne8 16. Kb1 Qxc4 17. Bxg7 ({White should try} 17. h4 $15) 17... Nxg7 $17 18. Rc1 Qb4 19. h4 f6 (19... Rac8 $17) 20. gxf6 $11 exf6 ({Much worse is} 20... Rxf6 $6 21. e5 $16) 21. h5 Rac8 (21... Nxh5 $11 {keeps the balance.} 22. Bf3 Qc5) 22. h6 Ne8 $2 (22... Nh5 $16) 23. Nd5 $18 Rxc1+ 24. Rxc1 Qa5 {[#]} 25. a3 $2 (25. Bh3 $1 $18 {[%cal Rh3e6]} Bxh3 26. Qxh3) 25... Qd8 $16 26. f4 ({White should play} 26. Rc6 $16) 26... Rf7 (26... Bxd5 $5 27. exd5 Rf7 $11) 27. Nb4 Rc7 28. Nc6 (28. Rd1 $1 $14) 28... Qd7 $15 29. e5 dxe5 30. fxe5 fxe5 31. Bf3 Bf7 32. Rd1 Qe6 33. Bd5 Qf5+ 34. Be4 Qe6 ({Better is} 34... Qf4 $17 35. Qd3 Kh8) 35. Nb4 (35. Bd5 $11 Qf5+ 36. Be4) 35... Rd7 $17 36. Nd5 (36. Rxd7 $17 Qxd7 37. Bc2) 36... Nd6 $19 37. Bc2 Rd8 $2 ({Not} 37... Nc4 38. Qc5 $11) (37... Nf5 $19 38. Qc5 Kh8 39. Qf8+ Bg8) 38. Qg5 $11 Rb8 $2 {[%mdl 8192] [#]} (38... Ra8 $1 $11) 39. Qe7 $1 $18 Ne8 40. Qa7 Rd8 $2 (40... Rc8) 41. Ne7+ Kf8 {aiming for ...Qa2+.} 42. Rxd8 Qxe7 43. Rd7 Qe6 (43... Qf6 {was necessary.} 44. Ka1 Kg8) 44. Qc5+ Kg8 45. Re7 ({Resist} 45. Rd8 $6 g5 $18) 45... Qh3 46. Qxe5 Qf1+ 47. Qe1 Qxe1+ 48. Rxe1 {[%mdl 4096] Endgame KRB-KBN} Nf6 49. Bd1 Nd5 $2 (49... Kf8 50. Bf3 Ng8) 50. Bb3 Ne7 (50... Nc3+ $142 51. Kc2 Bxb3+ 52. Kxc3 Bf7) 51. Rxe7 {[%cal Re7e8]} Bxb3 52. Rg7+ Kh8 53. Kc1 a5 54. Rb7 Kg8 55. Rxb5 {Accuracy: White = 46%, Black = 31%.} 1-0